Giant Hiking/Outdoor Brand Quiz - Statistics

General Stats
  • This quiz has been taken 34 times
  • The average score is 15 of 49
Answer Stats
Picture Answer % Correct
Patagonia
97%
The North Face
90%
Osprey
83%
Arc'teryx
80%
Black Diamond
67%
Helly Hansen
60%
Mammut
60%
Fjallraven
57%
Marmot
57%
Salomon
57%
Columbia
53%
Rab
50%
La Sportiva
43%
REI
43%
Sea to Summit
43%
Smartwool
43%
MSR
37%
Nemo
37%
Big Agnes
33%
Cotopaxi
33%
Outdoor Research
30%
Jack Wolfskin
27%
Nalgene
27%
Victorinox
27%
Mountain Equipment
23%
Hyperlite
20%
Kuhl
20%
Merrel
20%
Scarpa
20%
Deuter
17%
Icebreaker
17%
Jetboil
17%
Macpac
13%
Ortovox
13%
Salewa
13%
Burton
10%
GSI Outdoors
10%
Kathmandu
10%
Stanley
10%
Zpacks
10%
Edelrid
7%
Lowe Alpine
7%
PrAna
7%
Leatherman
3%
LifeStraw
3%
Royal Robbins
3%
Helinox
0%
Injinji
0%
Wild Country
0%
No matching quizzes found
Score Distribution
Percent of People with Each Score
Percentile by Number Answered
Your Score History
You have not taken this quiz